Statistiken für Top 15 Länder mit Covid-19-Todesfällen - 22. Dezember 2021

Klicken Sie hier um das Quiz zu spielen!

Allgemein

  • Dieses Quiz wurde 26 mal gespielt
  • Das Durchschnittsergebnis liegt bei 13 aus 27

Antwortstatistiken

Land% Korrekt
Vereinigte Staaten
95%
Deutschland
80%
Mexiko
80%
Brasilien
75%
Frankreich
75%
Indien
75%
Italien
75%
Argentinien
70%
Russland
60%
Vereinigtes Königreich
60%
Kolumbien
55%
Iran
45%
Peru
45%
Tschechien
40%
Ungarn
40%
Kroatien
35%
Rumänien
35%
Indonesien
30%
Slowakei
30%
Slowenien
30%
Ukraine
25%
Bosnien und Herzegowina
20%
Bulgarien
20%
Georgien
20%
Litauen
20%
Armenien
15%
Nordmazedonien
10%

Verteilung der Resultate

Perzentil nach korrekt beantworteten Fragen

Anzahl Personen mit jedem Resultat

Ihre Resultats-Entwicklung

Sie haben dieses Quiz noch nicht gespielt